| 000 | 00445nam a22001697a 4500 | ||
|---|---|---|---|
| 008 | 150520b xxu||||| |||| 00| 0 eng d | ||
| 020 | _a0070109141 | ||
| 041 | 0 | _aeng | |
| 080 | _a621.31 | ||
| 100 | _aChapman, Stephen J. | ||
| 245 | 0 | 0 |
_aElectric machinery fundamentals / _cStephen J. Chapman. |
| 300 |
_a716 f _bme il _c25 cm. |
||
| 440 | _pPower and energy | ||
| 505 | _gIndex:f. 709-716 | ||
| 650 | 0 | _aMakineria elektrike | |
| 942 |
_2udc _cBK |
||
| 999 |
_c853 _d853 |
||